Bài giảng phát triển phần mềm hướng đối tượng
Guardat en:
| Autor principal: | |
|---|---|
| Format: | Llibre |
| Publicat: |
Đồng Tháp
|
| Matèries: | |
| Etiquetes: |
Afegir etiqueta
Sense etiquetes, Sigues el primer a etiquetar aquest registre!
|
| Thư viện lưu trữ: | Trung tâm Học liệu Lê Vũ Hùng, Trường Đại học Đồng Tháp |
|---|
| LEADER | 00950pam a22003378a 4500 | ||
|---|---|---|---|
| 001 | 00040028 | ||
| 005 | 20171026081025.0 | ||
| 008 | 170912s ||||||Viesd | ||
| 041 | 0 | # | |a Vie |
| 082 | 1 | 4 | |a 005.1 |b B103GI |
| 100 | 1 | # | |a Huỳnh, Khải Vinh |
| 245 | 0 | 0 | |a Bài giảng phát triển phần mềm hướng đối tượng |c Huỳnh Khải Vinh |
| 260 | # | # | |a Đồng Tháp |
| 300 | # | # | |a 128 tr. |c 19 cm |
| 500 | # | # | |a ĐTTS:Trường Đại Học Đồng Tháp. Khoa Sư phạm toán - tin |
| 653 | # | # | |a Bài giảng |
| 653 | # | # | |a Lập trình |
| 653 | # | # | |a Phát triển |
| 653 | # | # | |a Phần mềm |
| 653 | # | # | |a Tin học |
| 852 | # | # | |b Kho đọc |j KD.0022353 |
| 852 | # | # | |j KD.0022353 |
| 910 | |d 12/09/2017 | ||
| 980 | # | # | |a Trung tâm Học liệu Lê Vũ Hùng, Trường Đại học Đồng Tháp |